ბათუმის შოთა რუსთაველის სახელმწიფო უნივერსიტეტის ბიბლიოთეკა

იბერიულ-კავკასიური ენათმეცნიერება = иберийско - кавказкое языкознание = ibero-caucasian linguistics / (ბიბ.ჩანაწერი № 52415)

000 -ლიდერი
ფიქსირებული სიგრძის საკონტროლო ველი 00878nam a2200205Ia 4500
001 - საკონტროლო ნომერი
საკონტროლო ველი 19436
003 - საკონტროლო ნომრის იდენტიფიკატორი
საკონტროლო ველი GE_BSU
005 - ბოლო ოპერაციის თარიღი და დრო
საკონტროლო ველი 20241101155554.0
008 - ფიქსირებული სიგრძის მონაცემთა ელემენტები - ზოგადი ინფორმაცია
ფიქსირებული სიგრძის საკონტროლო ველი 181216s1938||||ge |||||||||||||| ||geo||
040 ## - კატალოგიზაციის წყარო
Transcribing agency GE_BSU
041 ## - ენის კოდი
Language code of text/sound track or separate title geo
080 ## - უნივერსალური ათობითი კლასიფიკაციის ინდექსი
Universal Decimal Classification number 81'(063) ი-31
245 ## - ცნობა სათაურის შესახებ
Title იბერიულ-კავკასიური ენათმეცნიერება = иберийско - кавказкое языкознание = ibero-caucasian linguistics /
Statement of responsibility, etc რედ. არნ. ჩიქობავა.
Remainder of title ტ. II /
264 ## - წარმოების, გამოცემის, დისტრიბუციის და სხვა ცნობები
გამოცემის, წარმოების, დისტრიბუციის... ადგილი თბილისი :
გამოცემის, წარმოების, დისტრიბუციის... სახელწოდება საქ. სსრ მეცნ. აკად. გამ–ბა,
გამოცემის, წარმოების, დისტრიბუციის... თარიღი 1948.
300 ## - ფიზიკური აღწერა
Extent 276 გვ. ;
Dimensions 24 სმ.
653 ## - INDEX TERM--UNCONTROLLED
Uncontrolled term კავკასიური ენები
700 ## - ADDED ENTRY--PERSONAL NAME
Personal name ჩიქობავა, არნ.
Relator term რედაქტორი
9 (RLIN) 7708
942 ## - ADDED ENTRY ELEMENTS (KOHA)
Koha item type წიგნი
Source of classification or shelving scheme
ეგზემპლარები
ჩამოწერის სტატუსი დაკარგული ეგზემპლარის სტატუსი კლასიფიკაციის წყარო ან თაროზე გაწყობის სქემა დაზიანების სტატუსი არ გაიცემა მუდმივი მდებარეობა (დაცვის ადგილი) ამჟამინდელი ადგილსამყოფელი თაროზე განთავსების ადგილი შეძენის თარიღი ღირებულება, შესყიდვის ნორმალური ფასი სრული შენახვის შიფრი შტრიხკოდი ბოლო ოპერაციის თარიღი ეგზემპლარის მიმდევრობითი ნომერი (კეტერი?) ფასის ძალაში შესვლის თარიღი ეგზემპლარის სახეობა საჯარო შენიშვნა
          ბათუმის შოთა რუსთაველის სახელმწიფო უნივერსიტეტის მთავარი ბიბლიოთეკა ბათუმის შოთა რუსთაველის სახელმწიფო უნივერსიტეტის მთავარი ბიბლიოთეკა წიგნსაცავი 2018-12-17 8.00 81'(063) ი-31 48380 2018-12-17 48380 2018-12-17 წიგნი 8.00 ლ.
          ბათუმის შოთა რუსთაველის სახელმწიფო უნივერსიტეტის მთავარი ბიბლიოთეკა ბათუმის შოთა რუსთაველის სახელმწიფო უნივერსიტეტის მთავარი ბიბლიოთეკა წიგნსაცავი 2018-12-17 8.00 81'(063) ი-31 48381 2018-12-17 48381 2018-12-17 წიგნი 8.00 ლ.
          ბათუმის შოთა რუსთაველის სახელმწიფო უნივერსიტეტის მთავარი ბიბლიოთეკა ბათუმის შოთა რუსთაველის სახელმწიფო უნივერსიტეტის მთავარი ბიბლიოთეკა წიგნსაცავი 2018-12-17 8.00 81'(063) ი-31 48382 2018-12-17 48382 2018-12-17 წიგნი 8.00 ლ.
          ბათუმის შოთა რუსთაველის სახელმწიფო უნივერსიტეტის მთავარი ბიბლიოთეკა ბათუმის შოთა რუსთაველის სახელმწიფო უნივერსიტეტის მთავარი ბიბლიოთეკა წიგნსაცავი 2018-12-17 8.00 81'(063) ი-31 51731 2018-12-17 51731 2018-12-17 წიგნი 8.00 ლ.